| 000 | 00000nam##2200000za#4500 |
| 001 | 9.580823 |
| 003 | CaOODSP |
| 005 | 20210624191226 |
| 007 | cr ||||||||||| |
| 008 | 150406|2001||||xxc|||||o f|0| 0 eng|d |
| 040 | |aCaOODSP|beng |
| 043 | |an-cn--- |
| 086 | 1 |aNH18-22/101-107E-PDF |
| 110 | 2 |aCanada Mortgage and Housing Corporation. |
| 245 | 10|aImpact of added insulation on air leakage patterns |h[electronic resource] |
| 250 | |aRevised 2007 |
| 260 | |aOttawa - Ontario : |bCanada Mortgage and Housing Corporation |cc2001, 2007. |
| 300 | |a4p.|bfigs., table |
| 490 | 1 |aResearch and development highlights; technical series |v01-107 |
| 590 | |a14-16-Supp|b2014-09-25 |
| 775 | 08|tIncidence de l'ajout d'isolant sur l'étanchéité à l'air / |w(CaOODSP)9.607765 |
| 830 | #0|aResearch and development highlights; technical series ;|v01-107|w(CaOODSP)9.504481 |
| 856 | 40|ahttp://publications.gc.ca|qPDF|s278 KB|uhttps://publications.gc.ca/collections/collection_2014/schl-cmhc/NH18-22-101-107-eng.pdf|y01-107 |